| 000 | 00405nam a2200169Ia 4500 | ||
|---|---|---|---|
| 005 | 20250108024931.0 | ||
| 008 | 240331s9999 xx 000 0 und d | ||
| 020 | _a8120201477 | ||
| 082 |
_bBAL _21296 _a305.23 |
||
| 100 | _aBalan, K | ||
| 245 | 0 | _aYouth Power In The Modern World | |
| 260 |
_aDelhi _bAjanta Publications _c1985 |
||
| 300 | _a56 p., | ||
| 650 | _aYouth | ||
| 650 | _aModern | ||
| 942 | _cL | ||
| 999 |
_c1541 _d1541 |
||